000 01171nam a22003497a 4500
003 CHAP
005 20220329133116.0
008 971013s1991 r 00010 d
010 _a2235
011 _a3207
035 _a2407
040 _cCHAP
090 _aTesis
100 0 0 _aContreras de la Flor, Sergio Alejandro.
_927478
245 _aLabranza de conservación en ajonjolí (Sesamum indicum L.): experiencia demostrativa en San Luis Río Colorado, Sonora
260 _aChapingo, Méx. :
_bEl Autor,
_c1991
300 _a64 h.
500 _aD45-18
502 _aTesis (Ing. Agr. Esp. en Fitotecnia) -- UACH. Departamento de Fitotecnia
590 _aALEPH
_b10
_c20130110
_lUCH01
_h1212
590 _aBATCH-UPD
_b10
_c20130109
_lUCH01
_h2327
590 _aBATCH-UPD
_b10
_c20130110
_lUCH01
_h1724
590 _aBATCH-UPD
_b10
_c20130410
_lUCH01
_h1106
590 _aBATCH-UPD
_b10
_c20130913
_lUCH01
_h2332
590 _aCONVERSION
_b10
_c20130109
_lUCH01
_h1302
650 1 4 _aAjonjolí
_xRendimiento.
_93250
650 1 4 _aAjonjolí
_xSonora.
_93253
650 1 4 _aLabranza.
_964303
901 _aBK
942 _cTESIS
949 _bBC
_cTES
_d-11908
_eTS1
_h24515
_i2407
_si
999 _c2235
_d2235